000 00521nam a2200169Ia 4500
008 090711s9999 xx 000 0 und d
082 _b41206
100 _aकेणेकर मुक्ता
245 _aअंधाराSाी कावड
260 _c1980
300 _a145
600 _aकेणेकर मुक्ता
630 _aअंधाराSाी कावड
700 _aकेणेकर मुक्ता
730 _aअंधाराSाी कावड
942 _cBOOK
999 _c294106
_d294106